Novelas das 8/9 da TV Globo - A partir dos anos 2000 - Statistics

Estatísticas Gerais
  • Esse quiz foi jogado 152 vezes
  • A pontuação média é 20 de 36
Estatísticas das Respostas
Início / Término Novela % Correto
R. 26 de março de 2012 - 19 de outubro de 2012 Avenida Brasil
85%
A. 5 de junho de 2000 - 2 de fevereiro de 2001 Laços de Família
76%
ZH. 28 de março de 2022 - 7 de outubro de 2022 Pantanal
73%
C. 1 de outubro de 2001 - 14 de junho de 2002 O Clone
71%
V. 21 de julho de 2014 - 13 de março de 2015 Império
65%
S. 22 de outubro de 2012 - 17 de maio de 2013 Salve Jorge
65%
N. 19 de janeiro de 2009 - 11 de setembro de 2009 Caminho das Índias
63%
Q. 22 de agosto de 2011 - 23 de março de 2012 Fina Estampa
63%
ZE. 20 de maio de 2019 - 22 de novembro de 2019 A Dona do Pedaço
61%
H. 14 de março de 2005 - 4 de novembro de 2005 América
61%
G. 28 de junho de 2004 - 11 de março de 2005 Senhora do Destino
61%
ZA. 3 de abril de 2017 - 20 de outubro de 2017 A Força do Querer
60%
T. 20 de maio de 2013 - 31 de janeiro de 2014 Amor à Vida
60%
X. 31 de agosto de 2015 - 11 de março de 2016 A Regra do Jogo
58%
E. 17 de fevereiro de 2003 - 10 de outubro de 2003 Mulheres Apaixonadas
57%
M. 2 de junho de 2008 - 16 de janeiro de 2009 A Favorita
56%
ZF. 25 de novembro de 2019 - 9 de abril de 2021 Amor de Mãe
56%
U. 3 de fevereiro de 2014 - 18 de julho de 2014 Em Família
56%
O. 14 de setembro de 2009 - 14 de maio de 2010 Passione
55%
ZB. 23 de outubro de 2017 - 11 de maio de 2018 O Outro Lado do Paraíso
53%
J. 10 de julho de 2006 - 2 de março de 2007 Páginas da Vida
52%
I. 7 de novembro de 2005 - 7 de julho de 2006 Belíssima
51%
F. 13 de outubro de 2003 - 25 de junho de 2004 Celebridade
51%
L. 1 de outubro de 2007 - 31 de maio de 2008 Duas Caras
51%
K. 5 de março de 2007 - 28 de setembro de 2007 Paraíso Tropical
51%
ZI. 10 de outubro de 2022 - 5 de maio de 2023 Travessia
50%
W. 16 de março de 2015 - 28 de agosto de 2015 Babilônia
49%
ZJ. 8 de maio de 2023 - 19 de janeiro de 2024 Terra e Paixão
45%
P. 17 de janeiro de 2011 - 19 de agosto de 2011 Insensato Coração
44%
ZD. 12 de novembro de 2018 - 17 de maio de 2019 O Sétimo Guardião
44%
Y. 14 de março de 2016 - 30 de setembro de 2016 Velho Chico
43%
ZC. de maio de 2018 - 9 de novembro de 2018 Segundo Sol
42%
Z. 3 de outubro de 2016 - 31 de março de 2017 A Lei do Amor
39%
D. 17 de junho de 2002 - 14 de fevereiro de 2003 Esperança
39%
B. 5 de fevereiro de 2001 - 28 de setembro de 2001 Porto dos Milagres
37%
ZG. 8 de novembro de 2021 - 25 de março de 2022 Um lugar ao Sol
37%
Nenhum quiz correspondente encontrado
Distribuição das Pontuações
Porcentagem de Pessoas com Cada Pontuação
Percentil de Números Respondidos
Sua Pontuação Histórica
Você não jogou esse quiz